000 00515nam a2200193Ia 4500
005 20140311163135.0
008 140130s9999 xx 000 0 und d
020 _a0590441647
050 _aPN 6728.C34
_b.W3876 1990
100 _aWatterson, Bill
_931316
245 _cWatterson, Bill
_aWeirdos from another planet! /
260 _bScholastic,
_c1990.
_aKansas City :
300 _a127 p. :
_bcol. ill. ;
_c23 cm.
440 _v1
_931174
521 _aG2
526 _c390
942 _cBK
_2lcc
999 _c41618
_d41618